Southernmost Countries - Sudden Death - Statistics

General Stats
  • This quiz has been taken 251 times
  • The average score is 7 of 20
Answers on the Grid
Answers color-coded by a green-red scale on the quiz's grid according to % correct below.
Angola
Argentina
Australia
Bolivia
Botswana
Brazil
Burundi
Chile
Comoros
D.R. Congo
Eswatini
Fed. States of Micronesia
Fiji
Indonesia
Lesotho
Madagascar
Malawi
Marshall Islands
Mauritius
Mozambique
Namibia
Nauru
New Zealand
Papua New Guinea
Paraguay
Peru
Rwanda
Samoa
Seychelles
Solomon Islands
South Africa
Tanzania
Tonga
Tuvalu
Uganda
Uruguay
Vanuatu
Venezuela
Zambia
Zimbabwe
 
Answer Stats
Answer % Correct
Australia
83%
Argentina
79%
Chile
76%
New Zealand
60%
South Africa
58%
Lesotho
39%
Eswatini
36%
Brazil
32%
Mozambique
32%
Madagascar
31%
Botswana
29%
Uruguay
29%
Namibia
25%
Zimbabwe
25%
Fiji
19%
Paraguay
17%
Tonga
14%
Bolivia
13%
Mauritius
13%
Vanuatu
11%
No matching quizzes found
Score Distribution
Percent of People with Each Score
Percentile by Number Answered
Your Score History
You have not taken this quiz